|
|
|
|
| LEADER |
01366nam a2200289 a 4500 |
| 001 |
4451723 |
| 008 |
091103s1996 ctua b 101 0 eng d |
| 010 |
|
|
|a \\\95020653
|
| 020 |
|
|
|a 1565490525 (alk. paper)
|
| 020 |
|
|
|a 1565490517 (pbk. : alk. paper)
|
| 040 |
|
|
|a DLC
|c DLC
|d DLC
|
| 082 |
0 |
0 |
|a 338.6/2/091724
|2 20
|
| 245 |
0 |
0 |
|a Beyond the magic bullet :
|b NGO performance and accountability in the post-cold war world /
|c editors, Michael Edwards, David Hulme.
|
| 260 |
|
|
|a West Hartford, Conn. :
|b Kumarian Press,
|c c1996.
|
| 300 |
|
|
|a x, 285 p. :
|b ill. ;
|c 23 cm.
|
| 490 |
0 |
|
|a Kumarian Press books on international development
|
| 500 |
|
|
|a "Published under the auspices of the Save the Children Fund--U.K."
|
| 504 |
|
|
|a Includes bibliographical references and index.
|
| 541 |
1 |
|
|e 00006257
|
| 650 |
|
0 |
|a Nonprofit organizations
|x Evaluation
|x Congresses.
|
| 650 |
|
0 |
|a Non-governmental organizations
|x Evaluation
|x Congresses.
|
| 650 |
|
0 |
|a Non-governmental organizations
|z Developing countries
|x Congresses.
|
| 700 |
1 |
|
|a Edwards, Michael,
|d 1957-
|
| 700 |
1 |
|
|a Hulme, David.
|
| 852 |
4 |
|
|a Ayesha Abed Library
|j General shelf
|
| 999 |
|
|
|c 5082
|d 5082
|
| 952 |
|
|
|0 0
|1 0
|2 ddc
|4 0
|6 338_620917240000000_BEY_1996
|7 0
|9 4935
|a BRACUL
|b BRACUL
|c GEN
|d 2009-11-04
|g 0.00
|l 1
|o 338.62091724 BEY
|p 3010006257
|r 2012-06-04
|s 2012-03-28
|t 1
|w 2009-11-04
|y BK
|x No price found in the accession register.
|